zpět

Detail výsledku týmu

D9vítka, Šumperk

Datum a čas kvízu

36 Celkem bodů Celkový počet nahraných bodů na tomto kvízu bez doplňovacích otázek.
1. Pořadí na kvízu Konečné umístění týmu na tomto kvízu.

Zaznamenané odpovědi

# Otázka Odpověď Body Výsledky
1. „Pro ___. Ne pro ___." Doplňte... vás; politiky 0.5
2. Americký ministr zdravotnictví... D 1
3. Napište jméno skotského herce... Iain Glen; Hra o trůny 0.5
4. Kterou americkou komunikační p... WhatsApp 0
5. Ze kterého města pochází tým,... ze Seattlu 1
6. Hned v úvodu bod rozdělíme: za... Ulánbátar; Altaj 1
7. Mongolština může být zapisován... cyrilice (azbuka) 1
8. Jak se jmenuje hudební skupina... The Hu 0
9. Tato obydlí se v Mongolsku ozn... jurta 1
10. Jak se jmenuje česká spisovate... Petra Hůlová 0